Bagaton
Saved in:
| Main Author: | |
|---|---|
| Format: | Book |
| Published: |
Kuala Lumpur lbDewan Bahasa Dan Pustaka lc1987
|
| Tags: |
Add Tag
No Tags, Be the first to tag this record!
|
| Call Number : | PZ.7.M25 AMI 1987 |
MARC
| LEADER | 00000pam a2200000 4500 | ||
|---|---|---|---|
| 001 | 16156 | ||
| 003 | MY-KLNDU | ||
| 005 | 20241218060519.0 | ||
| 035 | |a 0000016182 | ||
| 039 | 9 | |y 200910090934 |z VLOAD | |
| 090 | 0 | 0 | |a PZ.7.M25 |b AMI 1987 |
| 100 | 1 | 0 | |a Amil Jaya |
| 245 | 1 | 0 | |a Bagaton |c Amil Jaya |
| 260 | 0 | 0 | |a Kuala Lumpur lbDewan Bahasa Dan Pustaka lc1987 |
| 300 | |a 160ms. |c 18cm | ||
| 999 | |a vtls000016232 |c 16156 |d 16156 | ||